Solid rises in construction output and new work, but rates of growth ease since March (Record no. 114170)
[ view plain ]
| 000 -LEADER | |
|---|---|
| fixed length control field | 00923cad a22002055a 4500 |
| 001 - CONTROL NUMBER | |
| control field | L155735 |
| 008 - FIXED-LENGTH DATA ELEMENTS--GENERAL INFORMATION | |
| fixed length control field | 120413e20120202xxk f 000 0 eng d |
| 035 ## - SYSTEM CONTROL NUMBER | |
| System control number | (Sirsi) u156304 |
| 041 0# - LANGUAGE CODE | |
| Language code of text/sound track or separate title | eng |
| 110 2# - MAIN ENTRY--CORPORATE NAME | |
| Corporate name or jurisdiction name as entry element | Markit |
| 9 (RLIN) | 5915 |
| 245 00 - TITLE STATEMENT | |
| Title | Solid rises in construction output and new work, but rates of growth ease since March |
| Medium | [electronic resource] |
| 260 ## - PUBLICATION, DISTRIBUTION, ETC. | |
| Date of publication, distribution, etc. | 2012 |
| 490 ## - SERIES STATEMENT | |
| Series statement | Markit/CIPS UK Construction PMI News Release |
| Volume/sequential designation | 2 May 2012 |
| 520 ## - SUMMARY, ETC. | |
| Summary, etc. | Key points from Markit/CIPS UK Construction PMI are: output growth eases from 21-month high seen in March, moderate job creation maintained in April, and input cost inflation lowest since March 2010. |
| 590 ## - LOCAL NOTE (RLIN) | |
| Local note | KA |
| 651 #4 - SUBJECT ADDED ENTRY--GEOGRAPHIC NAME | |
| Geographic name | United Kingdom |
| Chronological subdivision | |
| 690 ## - LOCAL SUBJECT ADDED ENTRY--TOPICAL TERM (OCLC, RLIN) | |
| Topical term or geographic name as entry element | Construction management |
| 9 (RLIN) | 6230 |
| 856 40 - ELECTRONIC LOCATION AND ACCESS | |
| Uniform Resource Identifier | <a href="https://www.markiteconomics.com/MarkitFiles/Pages/ViewPressRelease.aspx?ID=9513">https://www.markiteconomics.com/MarkitFiles/Pages/ViewPressRelease.aspx?ID=9513</a> |
| Public note | View the news release free of charge at www.markiteconomics.com |
| 942 ## - ADDED ENTRY ELEMENTS (KOHA) | |
| Suppress in OPAC | 0 |
| Withdrawn status | Lost status | Source of classification or shelving scheme | Damaged status | Not for loan | Home library | Current library | Shelving location | Date acquired | Total Checkouts | Full call number | Barcode | Date last seen | Copy number | Price effective from | Koha item type |
|---|---|---|---|---|---|---|---|---|---|---|---|---|---|---|---|
| Dewey Decimal Classification | Virtual | Virtual | Online | 11/05/2012 | ONLINE PUBLICATION | 156304-2001 | 06/08/2019 | 1 | 06/08/2019 | Book |